000
00270nam a2200121Ia 4500
008
190216s9999||||xx |||||||||||||| ||und||
100
_a
Gopalamenon V
245
0
_a
Lokacharitram
260
_b
Macmillan
_c
1976
300
_a
300
650
_a
Indian History
942
_c
BK
999
_c
18915
_d
18915